[Event "Tromsoesjakken-B"]
[Site "Tromsoe"]
[Date "2006.11.17"]
[Round "5"]
[White "Utnes, Ulf"]
[Black "Floer, Malin"]
[Result "0-1"]
[WhiteElo "812"]
[BlackElo "557"]
[PlyCount "122"]
[EventDate "2006.11.17"]
[EventType "swiss"]
[EventRounds "5"]
[EventCountry "NOR"]
[SourceTitle "EXT 2008"]
[Source "ChessBase"]
[SourceDate "2007.11.25"]
[SourceVersion "1"]
[SourceVersionDate "2007.11.25"]
[SourceQuality "1"]

1. b3 e5 2. Bb2 Nc6 3. d4 Bb4+ 4. c3 Ba5 5. b4 Bb6 6. d5 Nce7 7. d6 Nf5 8. c4 cxd6 9. Nf3 Nf6 10. e3 e4 11. Nd4 Nxd4 12. exd4 d5 13. c5 Bc7 14. Be2 d6 15. Nc3 dxc5 16. bxc5 Ba5 17. 0-0 Bc7 18. f3 e3 19. Qd3 Qe7 20. Ba3 0-0 21. Nb5 Qd8 22. Qxe3 Re8 23. Qd2 a6 24. Nc3 b6 25. c6 b5 26. f4 Rb8 27. Bc5 b4 28. Na4 Ne4 29. Qb2 Qh4 30. Bd3 Bxf4 31. g3 Be3+ 32. Kg2 Bh3+ 33. Kh1 Nxg3+ 34. hxg3 Qxg3 35. Qh2 Qxh2+ 36. Kxh2 Bxf1 37. Rxf1 Rbc8 38. Bxa6 Rxc6 39. Bb5 Rh6+ 40. Kg2 Re4 41. Kf3 Rf6+ 42. Ke2 Bxd4+ 43. Kd1 Rxf1+ 44. Bxf1 Bxc5 45. Nxc5 Rd4+ 46. Ke2 Rc4 47. Nb3 Rc2+ 48. Kd3 Rxa2 49. Kd4 Ra3 50. Nc5 b3 51. Kc3 Ra1 52. Bd3 Rc1+ 53. Kd4 b2 54. Nb3 b1Q 55. Bxb1 Rxb1 56. Nc5 h5 57. Nd3 Rd1 58. Ke3 Rxd3+ 59. Kxd3 h4 60. Ke2 h3 61. Kf1 d4 0-1

[Event "Harstad op-B"]
[Site "Harstad"]
[Date "2006.10.14"]
[Round "2"]
[White "Bjerring, Dennis"]
[Black "Utnes, Ulf"]
[Result "1-0"]
[WhiteElo "824"]
[BlackElo "812"]
[PlyCount "107"]
[EventDate "2006.10.13"]
[EventType "swiss"]
[EventRounds "5"]
[EventCountry "NOR"]
[SourceTitle "EXT 2008"]
[Source "ChessBase"]
[SourceDate "2007.11.25"]
[SourceVersion "1"]
[SourceVersionDate "2007.11.25"]
[SourceQuality "1"]

1. d4 b6 2. Nf3 Nf6 3. e3 Bb7 4. Nc3 d6 5. Be2 c5 6. 0-0 Nbd7 7. Ng5 h6 8. Ne6 Qc8 9. Nf4 e6 10. Bh5 e5 11. dxe5 dxe5 12. Nd3 Qc6 13. Ne1 g6 14. Bg4 h5 15. Bxd7+ Nxd7 16. f3 Rd8 17. e4 c4 18. Qe2 Bb4 19. Bd2 Bc5+ 20. Be3 0-0 21. Bxc5 Qxc5+ 22. Qf2 f5 23. Qxc5 Nxc5 24. exf5 Rxf5 25. b4 cxb3 26. axb3 a5 27. Na4 Rf6 28. Nxc5 bxc5 29. Rxa5 Ba6 30. Nd3 c4 31. bxc4 Bxc4 32. Rxe5 Bxd3 33. cxd3 Rxd3 34. h4 Rf4 35. Re4 Rxe4 36. fxe4 Re3 37. Rf4 Kg7 38. Kf2 Ra3 39. Rf3 Ra4 40. Ke3 Kh6 41. e5 Rxh4 42. e6 Rh1 43. Ke2 Rc1 44. e7 Rc2+ 45. Kf1 Rc1+ 46. Kf2 Rc2+ 47. Kg3 Re2 48. Rf7 Kg5 49. Kf3 Re5 50. g3 Kh6 51. Kf4 Re6 52. g4 h4 53. g5+ Kh5 54. Rh7# 1-0

[Event "Tromsoe Bjornsens Forste tt"]
[Site "Tromsoe"]
[Date "2006.04.22"]
[Round "2"]
[White "Utnes, Ulf"]
[Black "Forsaa, Elise"]
[Result "0-1"]
[WhiteElo "880"]
[BlackElo "939"]
[PlyCount "90"]
[EventDate "2006.04.21"]
[EventType "team"]
[EventRounds "5"]
[EventCountry "NOR"]
[SourceTitle "EXT 2008"]
[Source "ChessBase"]
[SourceDate "2007.11.25"]
[SourceVersion "1"]
[SourceVersionDate "2007.11.25"]
[SourceQuality "1"]

1. e4 Nf6 2. Nc3 d5 3. Bd3 d4 4. Nce2 e5 5. c3 c5 6. Nf3 Nbd7 7. 0-0 Bd6 8. a3 a6 9. b4 b5 10. a4 c4 11. Bc2 d3 12. axb5 dxc2 13. Qxc2 Bb7 14. d3 axb5 15. Bb2 0-0 16. dxc4 bxc4 17. Rad1 Bxe4 18. Qd2 Bxf3 19. gxf3 Bc7 20. Bc1 Re8 21. Ng3 e4 22. f4 Nb6 23. Qe3 Nfd5 24. Qe2 Nxc3 25. Kg2 Nxe2 26. Rxd8 Nxf4+ 27. Bxf4 Bxd8 28. Nf5 Be7 29. b5 g6 30. Nd4 Bf6 31. Nc2 Ra5 32. Rb1 Be5 33. Be3 Nd5 34. b6 Nxe3+ 35. Nxe3 c3 36. Nc4 Rc5 37. Na3 Rb8 38. b7 Rc7 39. Nc2 Rbxb7 40. Rxb7 Rxb7 41. Ne3 f5 42. Kf1 Bf4 43. Nd5 c2 44. Nxf4 c1Q+ 45. Kg2 Qxf4 0-1

[Event "NOR-chT north"]
[Site "Harstad"]
[Date "2006.01.28"]
[Round "3"]
[White "Utnes, Ulf"]
[Black "Erlandsen, Hege"]
[Result "0-1"]
[WhiteElo "880"]
[BlackElo "873"]
[PlyCount "62"]
[EventDate "2006.01.27"]
[EventType "team"]
[EventRounds "5"]
[EventCountry "NOR"]
[SourceTitle "EXT 2008"]
[Source "ChessBase"]
[SourceDate "2007.11.25"]
[SourceVersion "1"]
[SourceVersionDate "2007.11.25"]
[SourceQuality "1"]

1. e4 e5 2. Nc3 b6 3. Nf3 Nc6 4. Bb5 Bb7 5. 0-0 Bb4 6. Qe2 Bxc3 7. bxc3 Qe7 8. a4 0-0-0 9. Ba3 d6 10. d3 Nf6 11. Qe3 Qe8 12. Qg5 Rg8 13. d4 Nxe4 14. Qf5+ Qe6 15. Qxe4 Nxd4 16. Qxh7 Nxf3+ 17. Kh1 Ng5 18. Qh4 Rh8 19. Qxg5 Qh3 20. Qg3 Rh7 21. Be2 Kb8 22. Bf3 Bxf3 23. gxf3 Qh5 24. Rae1 Rdh8 25. Re4 Rh6 26. h4 Rg6 27. Qh3 f5 28. Ree1 Qxf3+ 29. Kh2 Qf4+ 30. Kh1 Rxh4 31. Qxh4 Qxh4# 0-1

[Event "NOR-chT north"]
[Site "Harstad"]
[Date "2006.01.27"]
[Round "1"]
[White "Larsen, Andreas"]
[Black "Utnes, Ulf"]
[Result "1-0"]
[WhiteElo "1734"]
[BlackElo "880"]
[PlyCount "75"]
[EventDate "2006.01.27"]
[EventType "team"]
[EventRounds "5"]
[EventCountry "NOR"]
[SourceTitle "EXT 2008"]
[Source "ChessBase"]
[SourceDate "2007.11.25"]
[SourceVersion "1"]
[SourceVersionDate "2007.11.25"]
[SourceQuality "1"]

1. d4 d5 2. Nf3 Nf6 3. e3 Bg4 4. c3 e6 5. Bd3 Bd6 6. 0-0 0-0 7. Nbd2 Nbd7 8. e4 Nxe4 9. Nxe4 dxe4 10. Bxe4 c6 11. Bxh7+ Kh8 12. Bc2 Qc7 13. h3 Bh5 14. g4 Bg6 15. Ng5 Nf6 16. Bxg6 fxg6 17. Nxe6 Bh2+ 18. Kh1 Qd6 19. Nxf8 Rxf8 20. f4 Bg3 21. Qf3 Bh4 22. Be3 Nd5 23. Rad1 Qe7 24. Rd3 g5 25. f5 g6 26. c4 Nf6 27. Bf2 gxf5 28. gxf5 Qh7 29. Bxh4 g4 30. Bxf6+ Kg8 31. Qxg4+ Kf7 32. Qg6+ Qxg6 33. fxg6+ Kxg6 34. Rg3+ Kf7 35. Bg7+ Kg8 36. Bxf8+ Kh8 37. Rf4 c5 38. d5 1-0